|
|
|
|
| LEADER |
00000nas a2200000 i 4500 |
| 001 |
ssj0055615 |
| 003 |
WaSeSS |
| 005 |
20200512172242.0 |
| 006 |
m d |
| 007 |
cr n |
| 008 |
100414c20019999gw qr p s | a0eng |
| 010 |
|
|
|a 2018207187
|
| 022 |
|
|
|a 1569-7274
|l 1540-3009
|y 1540-3009
|
| 035 |
|
|
|a (WaSeSS)ssj0055615
|
| 037 |
|
|
|b Global Scholarly Publications, 220 Madison Ave., Ste. 11G, New York, NY 10016
|
| 040 |
|
|
|a OCLCE
|b eng
|c OCLCE
|d OCLCQ
|d OCLCO
|d OCLCQ
|d OCLCF
|d Z5A
|d OCLCQ
|d UAB
|d FIE
|d OCLCQ
|d DLC
|d WaSeSS
|
| 042 |
|
|
|a pcc
|a dlr
|
| 050 |
0 |
0 |
|a B1
|
| 082 |
1 |
4 |
|a 181
|2 13
|
| 245 |
0 |
0 |
|a Dao
|h [electronic resource] :
|b a journal of comparative philosophy.
|
| 246 |
3 |
0 |
|a Journal of comparative philosophy
|
| 260 |
|
|
|a Binghamton, NY :
|b Global Publications, Binghamton University, State University of New York
|
| 260 |
3 |
|
|3 <2007-> :
|a [Berlin, Germany] :
|b Springer
|
| 310 |
|
|
|a Quartlery,
|b 2007-
|
| 321 |
|
|
|a Semiannual,
|b 2001-2006
|
| 362 |
0 |
|
|a Began with: Vol. 1, no. 1 (winter 2001).
|
| 506 |
|
|
|a License restrictions may limit access.
|
| 538 |
|
|
|a Master and use copy. Digital master created according to Benchmark for Faithful Digital Reproductions of Monographs and Serials, Version 1. Digital Library Federation, December 2002.
|u http://purl.oclc.org/DLF/benchrepro0212
|5 MiAaHDL
|
| 550 |
|
|
|a Official publication of: Association of Chinese Philosophers in America.
|
| 583 |
1 |
|
|a digitized
|c 2010
|h HathiTrust Digital Library
|l committed to preserve
|2 pda
|5 MiAaHDL
|
| 588 |
|
|
|a Description based on print version record.
|
| 588 |
|
|
|a Latest issue consulted: Volume 17, issue 3 (September 2018) (Springer Link, viewed September 14, 2018).
|
| 650 |
|
0 |
|a Philosophy, Comparative
|v Periodicals.
|
| 650 |
|
6 |
|a Philosophie comparée
|v Périodiques.
|
| 650 |
|
7 |
|a Philosophy, Comparative.
|2 fast
|0 (OCoLC)fst01060928
|
| 655 |
|
0 |
|a Electronic journals.
|
| 710 |
2 |
|
|a Association of Chinese Philosophers in America.
|
| 776 |
0 |
8 |
|i Print version:
|t Dao
|x 1540-3009
|w (DLC) 2002248269
|w (OCoLC)49787722
|
| 850 |
|
|
|a DLC
|
| 856 |
4 |
0 |
|z Full text available from Research Library: 12/01/2001 to 1 year ago
|u https://search.proquest.com/publication/326345
|